00782cam a2200241 a 450000100040000000500170000400800410002102000150006202000270007704000300010405000250013408200140015910000250017324500420019825000260024026000480026630000280031450500060034252001430034852100180049152100180050965000130052762820230627104118.0960724s1997 nyu c 000 1 eng  a0060275103 a0060275111 (lib. bdg.) aDLCcDLCdDLCdFISKHbeng00aPZ7.L578345bEl 199700a[Fic]2201 aLevine, Gail Carson.10aElla enchanted /cGail Carson Levine. aRevised edition, 2011 aNew York :bHarperCollinsPublishers,c1997. a232, 31 pages :c22 cm. aM aIn this novel based on the story of Cinderella, Ella struggles against the childhood curse that forces her to obey any order given to her. a670 bLexile aM bRaz-Plus 1aFantasy.